La isla bonita- Madonna Lyrics - Statistics

General Stats
  • This quiz has been taken 204 times
  • The average score is 175 of 262
Answer Stats
Hint Answer % Correct
I
99%
i
99%
Chorus | Chorus (X2) La
98%
Chorus | Chorus (X2) is
93%
Chorus | Chorus (X2) isla
93%
Chorus | Chorus (X2) bonita
91%
A
90%
a
90%
the
90%
Chorus The
90%
Last
88%
last
88%
Chorus | Chorus (X2) when
88%
When
88%
Chorus | Chorus (X2) and
85%
Chorus | Chorus (X2) And
85%
night
85%
of
85%
Chorus | Chorus (X2) so
80%
Chorus | Chorus (X2) to
80%
love
79%
you
79%
dreamt
78%
Chorus | Chorus (X2) where
78%
Where
78%
Chorus | Chorus (X2) my
77%
Chorus | Chorus (X2) sun
77%
all
76%
Chorus All
76%
Chorus | Chorus (X2) be
76%
eyes
75%
Chorus | Chorus (X2) island
75%
like
75%
San Pedro
74%
Chorus This
74%
this
74%
with
74%
in
73%
It
73%
go
71%
Chorus | Chorus (X2) spanish
71%
Chorus | Chorus (X2) Tropical
70%
girl
69%
Chorus | Chorus (X2) long
69%
no
69%
Chorus | Chorus (X2) high
68%
Chorus | Chorus (X2) Your
65%
Chorus | Chorus (X2) breeze
64%
Chorus lullaby
64%
Chorus lullaby.
64%
Chorus (X2) lullaby...
64%
Chorus | Chorus (X2) ears
62%
me
62%
yesterday,
62%
yesterday
62%
away
61%
far
61%
Chorus | Chorus (X2) free
61%
want
61%
Just
60%
Chorus | Chorus (X2) through
60%
Chorus | Chorus (X2) wild
60%
fell
59%
Chorus | Chorus (X2) nature
59%
not
59%
Chorus | Chorus (X2) set
58%
boy,
57%
boy
57%
he
55%
loves
55%
seems
55%
it's
54%
never
54%
Te
54%
te
54%
Chorus | Chorus (X2) samba
53%
sky
52%
Chorus | Chorus (X2) would
52%
knew
51%
Chorus | Chorus (X2) played
51%
for
50%
Chorus | Chorus (X2) sting
50%
by
49%
desert
49%
on
49%
young
49%
Chorus | Chorus (X2) Ring
48%
amo
47%
song
47%
can
46%
time
46%
siesta
45%
watch
43%
them
42%
i'd
41%
gone,
40%
that
40%
world
40%
fast
39%
They
39%
Warm
36%
went
36%
days
35%
sea,
35%
Beautiful
32%
called
30%
cares
30%
wind
29%
faces
28%
carried
27%
dijo
26%
prayed
26%
warms
25%
que
24%
puede
17%
ser
15%
Él
14%
ama
12%
La La La...
12%
verdad?
12%
¿Cómo
6%
La La La La
5%
No matching quizzes found
Score Distribution
Percent of People with Each Score
Percentile by Number Answered
Your Score History
You have not taken this quiz